[Event "WJCC U20 Open 2019"]
[Site "New Delhi"]
[Date "2019.10.15"]
[Round "1.28"]
[White "Milikow, Yoav"]
[Black "Muradli, Mahammad"]
[Result "1-0"]
[WhiteElo "2199"]
[BlackElo "2459"]
[Annotator "ChessBase"]
[PlyCount "95"]
[EventDate "2019.10.15"]
[EventType "swiss"]
[EventCountry "IND"]
[SourceTitle "playchess.com"]
[Source "ChessBase"]
[SourceQuality "1"]
[TimeControl "40/5400+30:1800+30"]

1. d4 {[%emt 0:00:00]} d5 {[%emt 0:00:00]} 2. c4 {[%emt 0:00:00]} e6 {[%emt 0:00:00]} 3. Nc3 {[%emt 0:00:00]} Be7 {[%emt 0:00:00]} 4. cxd5 {[%emt 0:00:28]} exd5 {[%emt 0:00:00]} 5. Bf4 {[%emt 0:00:08]} c6 {[%emt 0:00:00]} 6. e3 {[%emt 0:00:16]} Bf5 {[%emt 0:00:11]} 7. g4 {[%emt 0:00:08]} Be6 {[%emt 0:00:03]} 8. h3 {[%emt 0:00:17]} Nd7 {[%emt 0:03:29]} 9. Bd3 {[%emt 0:01:02]} h5 {[%emt 0:00:43]} 10. gxh5 {[%emt 0:00:36]} Ndf6 {[%emt 0:00:13]} 11. Qc2 {[%emt 0:01:41]} Rxh5 {[%emt 0:09:37]} 12. O-O-O {[%emt 0:05:54]} Bd6 {[%emt 0:07:40]} 13. Nce2 {[%emt 0:15:22]} Bg4 {[%emt 0:17:44]} 14. Re1 {[%emt 0:11:05]} Qa5 {[%emt 0:08:26]} 15. Rf1 {[%emt 0:08:23]} Bxe2 {[%emt 0:08:54]} 16. Nxe2 {[%emt 0:02:08]} O-O-O {[%emt 0:01:01]} 17. Bxd6 {[%emt 0:02:21]} Rxd6 {[%emt 0:00:19]} 18. Kb1 {[%emt 0:02:36]} Rh4 {[%emt 0:03:43]} 19. f3 {[%emt 0:02:26]} Nh5 {[%emt 0:21:07]} 20. Bf5+ {[%emt 0:05:32]} Kb8 {[%emt 0:01:53]} 21. e4 {[%emt 0:02:55]} Nf4 {[%emt 0:05:57]} 22. Nxf4 {[%emt 0:07:34]} Rxf4 {[%emt 0:00:03]} 23. Qh2 {[%emt 0:01:08]} g5 24. h4 {[%emt 0:01:13]} dxe4 {[%emt 0:04:54]} 25. fxe4 {[%emt 0:01:18]} Rxf1+ {[%emt 0:03:23]} 26. Rxf1 {[%emt 0:00:02]} Qd8 {[%emt 0:00:40]} 27. d5 {[%emt 0:04:41]} Ka8 {[%emt 0:00:27]} 28. hxg5 {[%emt 0:02:00]} cxd5 {[%emt 0:00:17]} 29. e5 {[%emt 0:01:10]} Rc6 {[%emt 0:01:06]} 30. Qh7 {[%emt 0:03:36]} Qxg5 {[%emt 0:02:01]} 31. Qxf7 {[%emt 0:00:02]} a6 {[%emt 0:00:35]} 32. Qxd5 {[%emt 0:01:03]} Ne7 {[%emt 0:00:31]} 33. Qd8+ {[%emt 0:00:01]} Ka7 {[%emt 0:00:03]} 34. Qd4+ {[%emt 0:00:34]} Rb6 {[%emt 0:00:23]} 35. Be4 {[%emt 0:00:36]} Qg4 {[%emt 0:01:29]} 36. Rf7 {[%emt 0:01:21]} Qh4 {[%emt 0:00:36]} 37. a4 {[%emt 0:00:36]} Qe1+ {[%emt 0:00:30]} 38. Ka2 {[%emt 0:00:43]} Qb4 {[%emt 0:00:28]} 39. Qxb4 {[%emt 0:00:27]} Rxb4 {[%emt 0:00:01]} 40. Bf3 {[%emt 0:01:34]} Ng6 {[%emt 0:00:55]} 41. e6 {[%emt 0:31:25]} a5 {[%emt 0:30:36]} 42. b3 {[%emt 0:03:01]} Rb6 {[%emt 0:00:00]} 43. e7 {[%emt 0:00:00]} Re6 {[%emt 0:00:00]} 44. Rf6 {[%emt 0:00:00]} Rxf6 {[%emt 0:00:00]} 45. e8=Q {[%emt 0:00:00]} Rxf3 {[%emt 0:00:00]} 46. Qxg6 {[%emt 0:00:00]} Rc3 {[%emt 0:00:00]} 47. Qg5 {[%emt 0:00:00]} Rc2+ {[%emt 0:00:00]} 48. Kb1 {[%emt 0:00:00]} 1-0

[Event "WJCC U20 Open 2019"]
[Site "New Delhi"]
[Date "2019.10.15"]
[Round "1.29"]
[White "Batsuren, Dambasuren"]
[Black "Cansun, Can Alp"]
[Result "1-0"]
[WhiteElo "2454"]
[BlackElo "2199"]
[Annotator "TA"]
[PlyCount "93"]
[EventDate "2019.10.15"]
[EventType "swiss"]
[EventCountry "IND"]
[SourceTitle "playchess.com"]
[Source "ChessBase"]
[SourceQuality "1"]

{[%evp 11,93,-3,-4,-10,10,10,14,0,0,0,6,7,22,15,31,35,49,33,99,90,122,112,168,169,204,200,241,239,256,245,246,237,237,238,284,277,256,199,337,316,340,332,337,330,339,331,335,329,468,364,556,553,496,474,449,437,470,468,470,468,495,479,522,386,575,573,524,541,893,889,29980,29981,29987,29988,29988,29989,29989,29988,29988,29989,29989,29990,29990,29991]} 1. d4 Nf6 2. c4 e6 3. Nc3 Bb4 4. Bd2 O-O 5. e3 b6 6. Nf3 Bb7 7. Rc1 {E21: Nimzo-Indian: 4 Nf3} (7. Bd3 d5 8. cxd5 exd5 9. Rc1 Be7 10. O-O c5 11. Ne5 Nc6 12. Be1 a6 13. f3 cxd4 14. Nxc6 Bxc6 15. exd4 Bb7 16. Bh4 Nh5 17. Bxe7 Qxe7 {1-0 (59) Yu,Y (2759)-Wang,H (2710) Tianjin 2018}) 7... d6 8. Bd3 Nbd7 9. a3 {The position is equal.} Bxc3 $1 10. Bxc3 Ne4 11. O-O f5 12. Be1 Rf6 $146 ({Predecessor:} 12... Qf6 13. Nd2 Nxd2 14. Qxd2 f4 15. f3 c5 16. Bf2 fxe3 17. Qxe3 Rae8 {1-0 (56) Nguyen,D (2516)-Tu,H (2414) Ho Chi Minh City 2015}) 13. Nd2 Nxd2 14. Qxd2 Rh6 ({Better is} 14... Bf3 $14 15. Be2 (15. gxf3 $2 Rg6+ 16. Kh1 Qg5 17. h3 Qg2#) 15... Bxe2 16. Qxe2 Qe7) 15. f3 $16 Qg5 16. Bg3 Qh5 (16... Qd8 $16 {keeps fighting.}) 17. b4 $18 Rf8 18. c5 bxc5 19. bxc5 dxc5 20. dxc5 Bc6 21. Qa5 (21. Bxc7 $6 Kh8) 21... e5 {White must now prevent ...f4.} 22. Qxc7 Qg5 {[#]} 23. f4 $1 {[%cal Rf4g5]} exf4 24. Qxf4 ({Much less strong is} 24. exf4 Qf6 $18) 24... Qh5 (24... Qxf4 $142 25. Rxf4 (25. exf4 Nf6 $18) (25. Bxf4 Rg6 $18) 25... Ne5 26. Bxf5 g5) 25. Bxf5 {Qc4+ is the strong threat.} Rhf6 {[%cal Rf6f5]} 26. Qc4+ Kh8 27. e4 h6 28. Bd6 Re8 29. Rce1 Nb8 (29... Qg5 {might work better.} 30. Qd4 Rf7) 30. Qc3 Bb5 (30... Nd7 $142 31. Rf3 Qf7) 31. Rf3 Nc6 32. Bd7 Rxf3 33. Qxf3 ({Weaker is} 33. gxf3 Rd8 $18) 33... Qxf3 34. gxf3 Rd8 35. Bg4 Nd4 36. Rd1 Nc2 37. Rb1 a6 (37... Bc6 $142 38. a4 Kh7) 38. a4 Bxa4 39. Rb6 Bb5 40. c6 Rxd6 {[#]} 41. c7 $1 {[%mdl 512] White mates.} Rd1+ 42. Kf2 Rf1+ 43. Kg3 Rg1+ 44. Kf4 Rxg4+ 45. fxg4 Bd7 46. Rd6 g5+ {[#]} 47. Kg3 $1 {[%mdl 512] Accuracy: White = 84%, Black = 42%.} 1-0

[Event "WJCC U20 Open 2019"]
[Site "New Delhi"]
[Date "2019.10.15"]
[Round "1.30"]
[White "Doluweera, Minul Sanjula"]
[Black "Raghunandan, Kaumandur Srihari"]
[Result "1/2-1/2"]
[WhiteElo "2191"]
[BlackElo "2449"]
[Annotator "NA"]
[PlyCount "104"]
[EventDate "2019.10.15"]
[EventType "swiss"]
[EventCountry "IND"]
[SourceTitle "playchess.com"]
[Source "ChessBase"]
[SourceQuality "1"]
[TimeControl "40/5400+30:1800+30"]

1. d4 {[%emt 0:00:00]} d6 {[%emt 0:00:00]} 2. Nf3 {[%emt 0:00:09]} g6 {[%emt 0:00:04]} 3. c4 {[%emt 0:00:10]} Bg7 {[%emt 0:00:20]} 4. Nc3 {[%emt 0:00:06]} Nf6 {[%emt 0:00:07]} 5. e4 {[%emt 0:00:12]} O-O {[%emt 0:00:09]} 6. h3 {[%emt 0:00:07]} e5 {[%emt 0:00:26]} 7. d5 Nh5 {[%emt 0:00:20]} 8. Nh2 {[%emt 0:02:26]} Qe8 {[%emt 0:16:30]} 9. Be2 {[%emt 0:00:32]} Nf4 {[%emt 0:02:01]} 10. Bf3 f5 {[%emt 0:09:35]} 11. g3 {[%emt 0:02:31]} Nxh3 {[%emt 0:17:08]} 12. Bg2 {[%emt 0:00:48]} fxe4 {[%emt 0:01:20]} 13. Be3 {[%emt 0:00:50]} Qe7 {[%emt 0:05:17]} 14. Qd2 {[%emt 0:34:25]} Na6 {[%emt 0:20:53]} 15. Nf1 {[%emt 0:04:50]} Nf4 {[%emt 0:01:58]} 16. gxf4 {[%emt 0:17:16]} exf4 {[%emt 0:00:30]} 17. Bxf4 {[%emt 0:00:31]} Nc5 {[%emt 0:00:24]} 18. Be3 {[%emt 0:00:53]} Nd3+ {[%emt 0:00:21]} 19. Kd1 {[%emt 0:00:22]} Ne5 {[%emt 0:09:51]} 20. Bg5 {[%emt 0:08:54]} Bg4+ {[%emt 0:02:41]} 21. Kc2 {[%emt 0:01:08]} Qe8 {[%emt 0:05:30]} 22. Ne3 {[%emt 0:03:27]} Bf3 {[%emt 0:00:09]} 23. Rag1 {[%emt 0:02:09]} Bxg2 {[%emt 0:00:59]} 24. Rxg2 {[%emt 0:02:39]} Nf3 {[%emt 0:00:12]} 25. Qd1 {[%emt 0:03:11]} Nxg5 {[%emt 0:02:14]} 26. Rxg5 {[%emt 0:00:02]} Rxf2+ {[%emt 0:00:03]} 27. Kb1 {[%emt 0:02:06]} Rf3 {[%emt 0:03:10]} 28. Qe1 {[%emt 0:02:59]} Bd4 {[%emt 0:01:00]} 29. Ncd1 {[%emt 0:00:42]} Bf6 30. Rg3 {[%emt 0:02:25]} Qe5 {[%emt 0:00:41]} 31. Rhh3 {[%emt 0:00:16]} Bh4 {[%emt 0:00:52]} 32. Rxg6+ {[%emt 0:02:42]} hxg6 {[%emt 0:00:02]} 33. Rxh4 {[%emt 0:00:42]} Raf8 {[%emt 0:00:48]} 34. Qh1 {[%emt 0:02:21]} Qd4 {[%emt 0:00:30]} 35. Rg4 {[%emt 0:01:38]} Kg7 {[%emt 0:00:38]} 36. Qg1 {[%emt 0:00:58]} Qd3+ {[%emt 0:00:14]} 37. Ka1 {[%emt 0:00:15]} R8f6 {[%emt 0:00:05]} 38. a3 {[%emt 0:00:19]} b5 {[%emt 0:01:07]} 39. cxb5 {[%emt 0:00:47]} Rf1 {[%emt 0:00:39]} 40. Rxg6+ {[%emt 0:03:20]} Rxg6 {[%emt 0:00:07]} 41. Qxf1 {[%emt 0:30:07]} Qxf1 {[%emt 0:30:39]} 42. Nxf1 {[%emt 0:00:01]} Kf6 {[%emt 0:00:00]} 43. Nfe3 {[%emt 0:00:00]} Ke5 {[%emt 0:00:00]} 44. Kb1 {[%emt 0:00:00]} Kf4 {[%emt 0:00:00]} 45. Kc2 {[%emt 0:00:00]} Rg3 {[%emt 0:00:00]} 46. Nf1 {[%emt 0:00:00]} Rg2+ {[%emt 0:00:00]} 47. Kc3 {[%emt 0:00:00]} Re2 {[%emt 0:00:00]} 48. Kd4 {[%emt 0:00:00]} Kf3 {[%emt 0:00:00]} 49. Nc3 {[%emt 0:00:00]} Rxb2 {[%emt 0:00:00]} 50. Nxe4 {[%emt 0:00:00]} Rxb5 {[%emt 0:00:00]} 51. Nfd2+ {[%emt 0:00:00]} Kf4 {[%emt 0:00:00]} 52. Nc3 {[%emt 0:00:00]} Rb2 {[%emt 0:00:00]} 1/2-1/2

[Event "WJCC U20 Open 2019"]
[Site "New Delhi"]
[Date "2019.10.15"]
[Round "1.31"]
[White "Raja, Harshit"]
[Black "Papadiamandis, Elliot"]
[Result "1/2-1/2"]
[WhiteElo "2440"]
[BlackElo "2190"]
[Annotator "NA"]
[PlyCount "60"]
[EventDate "2019.10.15"]
[EventType "swiss"]
[EventCountry "IND"]
[SourceTitle "playchess.com"]
[Source "ChessBase"]
[SourceQuality "1"]
[TimeControl "40/5400+30:1800+30"]

1. e4 c5 2. Nf3 d6 3. d4 cxd4 4. Nxd4 Nf6 5. Nc3 a6 6. Bg5 e6 7. f4 Be7 8. Qf3 Qc7 9. O-O-O Nbd7 10. g4 b5 11. Bxf6 Nxf6 12. g5 Nd7 13. f5 Bxg5+ 14. Kb1 Ne5 15. Qh5 Qe7 16. fxe6 g6 17. exf7+ Kxf7 18. Qe2 Bg4 19. Qf2+ Qf6 20. Qxf6+ Bxf6 21. Be2 Bxe2 22. Ncxe2 Rhf8 23. Nf4 Rae8 24. Nd5 Ng4 25. a4 Nf2 26. Rhf1 Nxd1 27. Nxf6 Ne3 28. Rf3 Ke7 29. Nc6+ Ke6 30. Nd4+ Ke7 1/2-1/2

[Event "WJCC U20 Open 2019"]
[Site "New Delhi"]
[Date "2019.10.15"]
[Round "1.32"]
[White "Flores Quillas, Diego Saul Rodri"]
[Black "Murzin, Volodar"]
[Result "1/2-1/2"]
[WhiteElo "2164"]
[BlackElo "2433"]
[Annotator "NA"]
[PlyCount "68"]
[EventDate "2019.10.15"]
[EventType "swiss"]
[EventCountry "IND"]
[SourceTitle "playchess.com"]
[Source "ChessBase"]
[SourceQuality "1"]
[TimeControl "40/5400+30:1800+30"]

1. e4 {[%emt 0:00:00]} c5 {[%emt 0:00:00]} 2. Nf3 {[%emt 0:00:00]} d6 {[%emt 0:00:00]} 3. d4 {[%emt 0:00:00]} cxd4 {[%emt 0:00:00]} 4. Nxd4 {[%emt 0:00:00]} Nf6 {[%emt 0:00:00]} 5. Nc3 {[%emt 0:00:19]} a6 {[%emt 0:00:13]} 6. Bg5 {[%emt 0:00:25]} Nbd7 {[%emt 0:00:04]} 7. Qe2 {[%emt 0:00:10]} Qc7 {[%emt 0:00:26]} 8. f4 {[%emt 0:04:32]} e5 {[%emt 0:01:36]} 9. Nf5 {[%emt 0:23:15]} h6 {[%emt 0:01:14]} 10. fxe5 {[%emt 0:00:12]} dxe5 {[%emt 0:04:24]} 11. Bd2 {[%emt 0:00:07]} Nc5 {[%emt 0:09:17]} 12. O-O-O {[%emt 0:04:41]} Be6 {[%emt 0:07:59]} 13. Qf3 {[%emt 0:09:21]} O-O-O {[%emt 0:07:50]} 14. Be2 {[%emt 0:08:09]} g6 {[%emt 0:15:35]} 15. Ne3 {[%emt 0:00:15]} Be7 {[%emt 0:00:13]} 16. Ned5 {[%emt 0:13:12]} Bxd5 {[%emt 0:14:58]} 17. exd5 {[%emt 0:00:20]} Kb8 {[%emt 0:01:33]} 18. Be3 {[%emt 0:01:42]} Rd6 {[%emt 0:05:17]} 19. Qg3 {[%emt 0:11:52]} Nfd7 {[%emt 0:15:03]} 20. b4 {[%emt 0:01:58]} Rc8 {[%emt 0:00:46]} 21. bxc5 {[%emt 0:07:28]} Nxc5 {[%emt 0:00:04]} 22. Kb1 {[%emt 0:00:35]} Rb6+ {[%emt 0:08:27]} 23. Ka1 {[%emt 0:02:00]} Nb3+ {[%emt 0:00:58]} 24. cxb3 {[%emt 0:00:08]} Qxc3+ {[%emt 0:00:04]} 25. Kb1 {[%emt 0:00:05]} Qc2+ {[%emt 0:00:13]} 26. Ka1 {[%emt 0:00:09]} Qc3+ {[%emt 0:00:03]} 27. Kb1 {[%emt 0:00:06]} Rxb3+ {[%emt 0:00:42]} 28. axb3 {[%emt 0:00:05]} Qxb3+ {[%emt 0:00:05]} 29. Ka1 {[%emt 0:00:03]} Qa3+ {[%emt 0:00:13]} 30. Kb1 {[%emt 0:00:06]} Qb4+ {[%emt 0:00:07]} 31. Ka1 {[%emt 0:00:12]} Qa4+ {[%emt 0:05:37]} 32. Kb1 {[%emt 0:00:07]} Qb3+ {[%emt 0:01:04]} 33. Ka1 {[%emt 0:00:11]} Qa3+ {[%emt 0:00:57]} 34. Kb1 {[%emt 0:00:03]} Qb3+ {[%emt 0:00:17]} 1/2-1/2

[Event "WJCC U20 Open 2019"]
[Site "New Delhi"]
[Date "2019.10.15"]
[Round "1.33"]
[White "Aditya, Mittal"]
[Black "Li, William"]
[Result "1-0"]
[WhiteElo "2430"]
[BlackElo "2161"]
[Annotator "TA"]
[PlyCount "81"]
[EventDate "2019.10.15"]
[EventType "swiss"]
[EventCountry "IND"]
[SourceTitle "playchess.com"]
[Source "ChessBase"]
[SourceQuality "1"]

{[%evp 11,81,21,27,13,17,30,24,13,26,27,20,8,3,8,13,9,6,2,21,12,20,6,15,-39,23,20,26,23,29,42,81,65,81,73,79,84,184,168,162,191,179,168,375,387,375,360,352,348,606,592,579,546,645,638,914,772,719,768,761,761,1310,1308,2391,2300,2179,1730,2141,1657,2314,2171,29961,6561]} 1. d4 Nf6 2. c4 b6 3. Nc3 Bb7 4. Qc2 d5 5. cxd5 Nxd5 6. Nf3 e6 7. e4 {A50: Queen's Fianchetto Defence (1 d4 Nf6 2 c4 b6)} Nxc3 8. bxc3 Be7 9. Bb5+ {White has an edge.} c6 10. Bd3 c5 (10... O-O 11. O-O Nd7 12. c4 Qc7 13. Bb2 c5 14. d5 {1-0 (35) So,W (2755)-Zhou,J (2580) Las Vegas 2014}) 11. O-O cxd4 12. cxd4 O-O 13. Bb2 Nc6 14. Qe2 {[#]} Nb4 $146 ({Predecessor:} 14... Rc8) 15. Bc4 Rc8 {White should prevent ...Bxe4!} 16. Rac1 Rxc4 17. Qxc4 ({Better is} 17. Rxc4 $11 Ba6 18. Rfc1) 17... Ba6 (17... Bxe4 $15 18. Ne5 Bd5) 18. Qb3 $11 {And now Rfd1 would win.} Bxf1 19. Kxf1 Qa8 20. a3 Nc6 21. Qc3 Na5 22. d5 $1 {[%csl Gb2][%cal Rc3g7,Bd4d5,Bd5d6,Bd6d7][%mdl 32]} Bf6 23. e5 $36 {[%mdl 2048] White is in control.} Be7 (23... Bd8 $16) 24. d6 $18 Bd8 {[#]} 25. Qd3 $1 Qb7 26. a4 a6 $2 (26... Qd7 {is a better defense.} 27. Qb5 Qb7) 27. d7 {Threatens to win with Ba3.} b5 {intending ...Be7.} 28. Qd6 {aiming for Ba3.} b4 ({Don't blunder} 28... Nc4 $2 {[#]} 29. Rxc4 $1 {[%mdl 512]} b4 30. Rxb4 $18) 29. Nd2 ({Don't take} 29. Rc8 Nb3 $18) 29... Qd5 $2 (29... Qb6 30. Qxb6 Bxb6) 30. Qxd5 exd5 31. Rc8 Nb7 32. Bd4 Be7 33. Nb3 Nd8 34. Bc5 Bxc5 35. Nxc5 {[%mdl 4096] Endgame KRN-KRN} b3 36. Nxb3 f6 {[#]} 37. e6 $1 {[%mdl 512]} Nxe6 {[#]} 38. Nc5 $1 {[%mdl 512]} Nd8 39. Nxa6 Kf7 40. Nc5 Ke7 41. a5 {Accuracy: White = 81%, Black = 44%.} 1-0

[Event "WJCC U20 Open 2019"]
[Site "New Delhi"]
[Date "2019.10.15"]
[Round "1.35"]
[White "Tica, Sven"]
[Black "Winkelman, Albert"]
[Result "0-1"]
[WhiteElo "2418"]
[BlackElo "2143"]
[Annotator "TA"]
[PlyCount "70"]
[EventDate "2019.10.15"]
[EventType "swiss"]
[EventCountry "IND"]
[SourceTitle "playchess.com"]
[Source "ChessBase"]
[SourceQuality "1"]

{[%evp 14,70,35,27,38,30,35,30,98,102,85,68,72,24,24,13,21,20,37,12,42,36,32,34,43,45,54,39,46,18,86,39,24,-26,-9,-44,-20,-128,-129,-217,-125,-212,-214,-177,-196,-446,-470,-904,-878,-1014,-1094,-1038,-934,-916,-919,-878,-859,-968,-948]} 1. d4 Nf6 2. c4 e6 3. g3 d5 4. Bg2 dxc4 5. Qa4+ Bd7 6. Qxc4 Bc6 7. Nf3 Nbd7 8. Nc3 Bd6 {E02: Open Catalan: 5 Qa4+} 9. O-O O-O 10. Qd3 (10. Rd1 Qe7 11. Qd3 Bxf3 12. Qxf3 c6 13. Ne4 Nxe4 14. Qxe4 Nf6 15. Qf3 Rfd8 16. Bd2 {½-½ (40) Swiercz,D (2627)-Ipatov,A (2630) Warsaw 2013}) 10... Qe7 $146 (10... Bb4 $11) ({Predecessor:} 10... Bb4 11. Re1 h6 12. Bf4 Rc8 13. Rad1 Bxc3 14. bxc3 Be4 15. Qb5 Nd5 16. Bd2 c5 17. Ne5 Nxe5 18. Bxe4 cxd4 19. cxd4 {0-1 (55) Le,H (2237)-Nguyen,A (2470) Ho Chi Minh City 2019}) 11. e4 $1 $16 {[%cal Re4e5] e5 is the strong threat.} e5 12. d5 Nc5 13. Qc4 Bd7 14. Be3 Ng4 15. Bg5 f6 16. Bd2 f5 17. exf5 $1 Bxf5 18. Nh4 Bd7 19. b4 Na4 20. Ne4 Nb6 21. Qd3 a6 (21... Qe8 $11 {keeps the balance.}) 22. a4 Nxa4 23. Bh3 {Threatens to win with Bxg4.} Nb6 $36 {[%mdl 2048] Black has good play.} 24. Ng5 {[%csl Gg5][%cal Rd3h7]} g6 25. Ne6 {[#]} (25. Rac1 $11 {remains equal.}) 25... Nf6 $1 $17 26. Bh6 {[#]} (26. Nxf8 $2 Bxh3 27. Nfxg6 Qf7 $19) (26. Ra5 $17 {is a better defense.}) 26... Rf7 ({Not} 26... Bxb4 $2 27. Nxg6 (27. Bxf8 Rxf8 {[%mdl 64] Pin} 28. Nxg6 hxg6 $11) 27... Qf7 28. Nxe5 $18 (28. Ngxf8 Bxf8 29. Bxf8 Rxf8 $18)) (26... e4 $1 $19 {[%cal Re4d3]} 27. Qb3 Nbxd5 28. Bxf8 Rxf8 {[%mdl 64] Pin}) 27. Nxg6 (27. f4 $17 Bb5 {[%mdl 64] Skewer} 28. Qc2 Nfxd5 29. fxe5 Rxf1+ 30. Rxf1 Bxf1 31. exd6) 27... hxg6 $19 28. Qxg6+ Kh8 29. Bg5 $2 (29. Ng5 {only move.} Rg7 30. Bxg7+ Qxg7 31. Qxg7+ Kxg7 32. Bxd7 Nbxd7 33. Rfc1) 29... Nbxd5 {Black is clearly winning.} 30. Rfe1 (30. Bxf6+ $142 Qxf6 31. Qxf6+ Nxf6 32. Ng5) 30... Bxe6 31. Bxe6 Qxe6 32. Re4 Rh7 {And now ...Rg8 would win.} 33. Rh4 Rxh4 34. Bxh4 Qe7 35. Rd1 Qg7 {Accuracy: White = 41%, Black = 65%.} 0-1

[Event "WJCC U20 Open 2019"]
[Site "New Delhi"]
[Date "2019.10.15"]
[Round "1.36"]
[White "Zrikem, Nassim"]
[Black "Bharath, Subramaniyam H"]
[Result "0-1"]
[WhiteElo "2125"]
[BlackElo "2417"]
[Annotator "TA"]
[PlyCount "64"]
[EventDate "2019.10.15"]
[EventType "swiss"]
[EventCountry "IND"]
[SourceTitle "playchess.com"]
[Source "ChessBase"]
[SourceQuality "1"]

{[%evp 19,64,0,14,0,0,0,0,0,34,35,42,41,41,40,44,44,74,72,44,-156,-170,-254,-248,-360,-360,-349,-343,-396,-382,-363,-382,-391,-384,-370,-120,-660,-688,-754,-729,-604,-512,-522,-492,-3493,-2422,-29991,-29992]} 1. d4 Nf6 2. Nf3 e6 3. e3 d5 4. Bd3 c5 5. c3 Nc6 6. Nbd2 Bd6 7. O-O O-O 8. dxc5 ({Predecessor:} 8. Qe2 Qc7 9. dxc5 Bxc5 {0-1 (36) Pecot,L (2487)-Cranbourne,C (2466) ICCF email 1999}) 8... Bxc5 9. e4 Qc7 10. Qe2 h6 11. e5 $146 {D05: Colle System with ...e6} (11. Bc2 Bb6 12. a4 a6 13. g3 Bd7 14. Kg2 Rad8 15. h3 e5 16. exd5 Nxd5 17. Nc4 Qc8 18. Rh1 Bc7 {½-½ (38) Mamedyarov,S (2660)-Volokitin,A (2652) Mallorca 2004}) 11... Ng4 {[%cal Rg4e5]} 12. Nb3 Bb6 {[%cal Rg4e5]} 13. Nbd4 {The position is equal.} f6 {[%cal Rf6e5]} 14. Nxc6 bxc6 {[%cal Bb7c6,Bc6c5,Bc5c4][%mdl 32]} 15. Bf4 g5 16. Bg3 f5 {[#] Threatens to win with ...f4.} 17. Nd4 c5 18. Nb5 Qg7 19. Rae1 $2 (19. c4 $14) 19... Ba6 $36 {[%mdl 2048] Black has strong initiative.} 20. a4 (20. b3 $142) 20... c4 $19 21. Bb1 (21. Bc2 $142 Bxb5 22. axb5) 21... Bxb5 $1 22. axb5 {[#]} h5 $1 23. h3 f4 24. Bh2 Nxh2 25. Kxh2 g4 {Hoping for ...f3.} 26. g3 {and the idea Qc2 leaves White hopeful.} gxh3 $2 (26... Rf7 $19 {and Black stays clearly on top. And now ...Raf8 would win.} 27. Qc2 Raf8 28. gxf4 Rxf4) 27. Kxh3 $2 {[%mdl 8192]} (27. Rg1 $17 f3 28. Qd2) 27... f3 28. Qc2 Rf5 29. Kh2 Raf8 30. Rg1 Rg5 31. g4 (31. Ref1 $142 Rxe5 32. Qg6) 31... hxg4 {( -> ...Qh6+)} 32. Rg3 Rh5+ {Accuracy: White = 23%, Black = 72%.} 0-1

[Event "WJCC U20 Open 2019"]
[Site "New Delhi"]
[Date "2019.10.15"]
[Round "1.37"]
[White "Bronstein, Or"]
[Black "Maltezeanu, Stefan"]
[Result "1-0"]
[WhiteElo "2413"]
[BlackElo "2102"]
[Annotator "TA"]
[PlyCount "41"]
[EventDate "2019.10.15"]
[EventType "swiss"]
[EventCountry "IND"]
[SourceTitle "playchess.com"]
[Source "ChessBase"]
[SourceQuality "1"]

{[%evp 9,41,16,9,9,18,14,8,14,11,11,39,40,58,62,59,25,158,170,187,182,224,236,233,245,247,0,0,0,0,-529,29995,0,0,0]} 1. d4 Nf6 2. c4 e6 3. Nf3 d5 4. g3 dxc4 5. Bg2 c6 6. a4 {E04: Open Catalan: 5 Nf3} (6. Ne5 Bb4+ 7. Bd2 Be7 8. e3 b5 9. Nxc6 Nxc6 10. Bxc6+ Bd7 11. Bxa8 Qxa8 12. f3 e5 13. dxe5 Ng4 14. O-O Nxe5 {½-½ (27) Vidit,S (2711)-Vitiugov,N (2726) Prague 2019}) 6... Bb4+ 7. Bd2 a5 8. Qc2 Bxd2+ 9. Qxd2 b5 (9... Ne4 $5 {[%cal Re4d2]} 10. Qc2 Nd6 $11) 10. axb5 cxb5 11. Qg5 $36 {[%mdl 2048] White has some pressure.} b4 12. Ne5 Ra7 (12... h6 $1 $11 {remains equal.} 13. Qf4 (13. Qxg7 Rh7 $17) 13... Ra6) 13. Qxg7 $16 {aiming for Bc6+.} Rg8 14. Qh6 Qxd4 $146 ({Predecessor:} 14... Bb7 15. Bxb7 Rxb7 {1-0 (30) Harutjunyan,G (2444)-Poghosyan,S (2284) Yerevan 2014}) 15. Qxf6 Qxb2 {[%cal Rb2c1]} 16. O-O Qxa1 17. Rd1 $2 {[#]} ({White must play} 17. Qf4 $1 $18) 17... Rd7 $1 $11 {[%cal Rd7d1][%mdl 64] Decoy} 18. Nxd7 {Threatening mate with Ne5!} Qa4 {[%mdl 64] Double Attack} 19. Bf1 $2 {[%mdl 8192]} (19. Rd6 $2 Nxd7 20. Qd4 Qb3 $17) (19. Rc1 $1 $11 {and White is okay.} Nxd7 20. Qf4) 19... Qa1 $4 {[%mdl 8192] [#]} (19... Bxd7 $2 20. Rd4 $19) (19... Qxd1 $19 20. Nxb8 Bb7) 20. Bg2 $2 (20. Ne5 $1 {mates} Rxg3+ 21. hxg3 Bd7 22. Qxf7+ {[%mdl 64] Double Attack} Kd8 23. Rxd7+ Nxd7 24. Qxd7#) 20... Qa4 {[%mdl 64] Double Attack} 21. Rc1 {[%mdl 32768] Accuracy: White = 51%, Black = 44%. . Loss on time!?} ({Not} 21. Rd6 $2 Nxd7 22. Qd4 Qc2 $17 {[%mdl 64] Double Attack}) 1-0